[Event "CRO-chT4 South"]
[Site "Zadar"]
[Date "2013.05.19"]
[Round "4.3"]
[White "Blaslov, Neven"]
[Black "Soric, Ante"]
[Result "1-0"]
[WhiteElo "1883"]
[BlackElo "1834"]
[PlyCount "51"]
[EventDate "2013.04.28"]
[EventType "team-tourn"]
[EventRounds "7"]
[EventCountry "CRO"]
[SourceTitle "EXT 2014"]
[Source "ChessBase"]
[SourceDate "2013.11.20"]
[SourceVersion "1"]
[SourceVersionDate "2013.11.20"]
[SourceQuality "1"]
[WhiteTeam "Zadar II"]
[BlackTeam "Bibinje Goran II"]
[WhiteTeamCountry "CRO"]
[BlackTeamCountry "CRO"]

1. e4 g6 2. d4 Bg7 3. Nf3 d6 4. Bc4 Nf6 5. Nc3 0-0 6. h3 c6 7. a4 Nbd7 8. 0-0 Nb6 9. Bd3 Qc7 10. Re1 Be6 11. Bf4 Nc4 12. Qc1 Nh5 13. Bh2 Na5 14. Ne2 c5 15. d5 c4 16. dxe6 cxd3 17. exf7+ Rxf7 18. Nc3 dxc2 19. Qxc2 Re8 20. Ng5 Rf6 21. Qd1 Qc5 22. Nf3 Nf4 23. Rc1 Nc4 24. Bxf4 Rxf4 25. Nd5 Rf7 26. b3 1-0

[Event "CRO-chT4 South"]
[Site "Zadar"]
[Date "2013.05.12"]
[Round "3.4"]
[White "Blaslov, Neven"]
[Black "Paleka, Danijel"]
[Result "1-0"]
[WhiteElo "1883"]
[BlackElo "1812"]
[PlyCount "85"]
[EventDate "2013.04.28"]
[EventType "team-tourn"]
[EventRounds "7"]
[EventCountry "CRO"]
[SourceTitle "EXT 2014"]
[Source "ChessBase"]
[SourceDate "2013.11.20"]
[SourceVersion "1"]
[SourceVersionDate "2013.11.20"]
[SourceQuality "1"]
[WhiteTeam "Zadar II"]
[BlackTeam "Zadar Casper"]
[WhiteTeamCountry "CRO"]
[BlackTeamCountry "CRO"]

1. d4 Nf6 2. c4 g6 3. Nc3 Bg7 4. Nf3 0-0 5. g3 d6 6. Bg2 Nbd7 7. 0-0 e5 8. d5 Ne8 9. e4 f5 10. Bg5 Nef6 11. exf5 gxf5 12. Rc1 a6 13. Qc2 h6 14. Bh4 Nb8 15. b4 Qe8 16. c5 Nh5 17. Rfe1 Qf7 18. a4 e4 19. Nd2 dxc5 20. bxc5 Bxc3 21. Qxc3 Qxd5 22. Nf1 Qf7 23. f3 exf3 24. Bxf3 Nf6 25. Bd1 Ne4 26. Qe3 Qg7 27. Bb3+ Kh8 28. Red1 c6 29. Nd2 Nxd2 30. Rxd2 Nd7 31. Rd6 Nf6 32. Rcd1 Kh7 33. Bxf6 Rxf6 34. Qe8 Rf8 35. Qh5 Rb8 36. a5 Rf6 37. Rd8 Qe7 38. Qe8 Qxe8 39. Rxe8 f4 40. Rdd8 fxg3 41. hxg3 Rf3 42. Bc2+ Kg7 43. Rg8+ 1-0